Les 10 villes les plus peuplées de l'Indre (36) - Statistiques

Statistiques générales
  • Ce quiz a été pris 36 fois
  • Le résultat moyen est 6 sur 10
Statistiques - réponses
Population Communes % Correct
43 100 Châteauroux
100%
11 000 Issoudun
88%
4 000 La Châtre
74%
6 200 Le Blanc
74%
7 600 Déols
56%
4 800 Argenton-sur-Creuse
50%
3 600 Saint-Maur
41%
5 800 Le Poinçonnet
38%
4 400 Buzançais
29%
3 700 Ardentes
24%
Aucun quiz correspondant
Distribution des résultats
% des personnes avec chaque résultat
Percentile par nombre de réponses
Votre historique - résultats
Vous n’avez pas pris ce quiz